000 00293nam a2200121Ia 4500
008 190216s9999||||xx |||||||||||||| ||und||
100 _aFranklin E Folts
245 0 _aIntroduction To Industrial Management
260 _bMcgraw -hill
_c1938
300 _a564p
650 _aCommerce
942 _cBK
999 _c4732
_d4732